The Holmes-Einstein letters : (Record no. 23664)
[ view plain ]
| 000 -LEADER | |
|---|---|
| fixed length control field | 01010nam a2200289 a 4500 |
| 001 - CONTROL NUMBER | |
| control field | 23664 |
| 003 - CONTROL NUMBER IDENTIFIER | |
| rucl marc code | BD-RjUL |
| 005 - DATE AND TIME OF LATEST TRANSACTION | |
| control field | 20211209000945.0 |
| 008 - FIXED-LENGTH DATA ELEMENTS--GENERAL INFORMATION | |
| fixed length control field | 140311s1964 enk b 001 0deng d |
| 035 ## - SYSTEM CONTROL NUMBER | |
| System control number | (OCoLC)ocm00325330 |
| System control number | (BD-RjUL)23729 |
| 040 ## - CATALOGING SOURCE | |
| Original cataloging agency | DLC |
| Transcribing agency | CSU |
| Modifying agency | m.c. |
| -- | SLU |
| -- | ZCU |
| -- | BD-RjUL |
| Language of cataloging | eng |
| 041 ## - LANGUAGE CODE | |
| Language code of text/sound track or separate title | eng |
| 082 00 - DEWEY DECIMAL CLASSIFICATION NUMBER | |
| Classification number | 923.473 |
| Author mark and year | HOL 1964 |
| 100 1# - MAIN ENTRY--PERSONAL NAME | |
| Personal name | Holmes, Oliver Wendell, |
| Dates associated with a name | 1841-1935. |
| 9 (RLIN) | 72850 |
| 245 14 - TITLE STATEMENT | |
| Title | The Holmes-Einstein letters : |
| Remainder of title | correspondence of Mr. Justice Holmes and Lewis Einstein, 1903-1935 / |
| Statement of responsibility, etc. | edited by James Bishop Peabody. |
| 260 ## - PUBLICATION, DISTRIBUTION, ETC. (IMPRINT) | |
| Place of publication, distribution, etc. | London : |
| Name of publisher, distributor, etc. | Macmillan & Co Ltd, |
| Date of publication, distribution, etc. | 1964. |
| 300 ## - PHYSICAL DESCRIPTION | |
| Pagination | xxvi, 377 p. ; |
| Size | 23 cm. |
| 504 ## - BIBLIOGRAPHY, ETC. NOTE | |
| Bibliography, etc | Includes bibliographical references and index. |
| 600 10 - SUBJECT ADDED ENTRY--PERSONAL NAME | |
| Personal name | Einstein, Lewis, |
| Dates associated with a name | 1877-1967. |
| Personal name | Holmes, Oliver Wendell, |
| Dates associated with a name | 1841-1935. |
| 700 1# - ADDED ENTRY--PERSONAL NAME | |
| Personal name | Einstein, Lewis, |
| Dates associated with a name | 1877-1967. |
| Personal name | Peabody, James Bishop, |
| Dates associated with a name | 1922- |
| 942 ## - ADDED ENTRY ELEMENTS (KOHA) | |
| Source of classification or shelving scheme | Dewey Decimal Classification |
| Koha item type | Books |
| Lost status | Source of classification or shelving scheme | Damaged status | Not for loan | Collection code | Permanent Location | Current Location | Shelving location | Date acquired | Source of acquisition | Cost, normal purchase price | Total Checkouts | Full call number | Date last seen | Copy number | Koha item type |
|---|---|---|---|---|---|---|---|---|---|---|---|---|---|---|---|
| Dewey Decimal Classification | Added to bundle | Non-fiction | Central Library, University of Rajshahi | Central Library, University of Rajshahi | Reading Room | 31/10/1968 | Zeitlinger. | 45.00 | 923.473 HOL 1964 | 11/03/2014 | C-1 | Books |